| 000 | 00404nam a22001337a 4500 | ||
|---|---|---|---|
| 008 | 190704b xxu||||| |||| 00| 0 eng d | ||
| 020 | _a9780439701570 | ||
| 050 |
_aPZ 7 _b.L666 2004 |
||
| 100 | _aMichael Leviton | ||
| 245 |
_aThe Strangest stories from the weirdest school/ 510 _bMichael Leviton |
||
| 260 |
_aNew York: _bScholastic, Inc. _c2004 |
||
| 300 | _a40 p. ; ill. : 190 cm. | ||
| 942 |
_2lcc _cBK |
||
| 999 |
_c361936 _d361936 |
||